|
|
|
|
| LEADER |
00000cam a2200000 i 4500 |
| 001 |
1/20591 |
| 008 |
980429t1994 gr | ||| |||| ||gre|| |
| 020 |
|
|
|a 9603101877
|
| 035 |
|
|
|l 10036076
|
| 040 |
|
|
|a GR-MyUA
|b gre
|e AACR2
|
| 041 |
0 |
|
|a gre
|
| 082 |
7 |
|
|a 370.19
|2 (22)
|
| 100 |
1 |
|
|a Ζαμπέτα, Εύη.
|
| 245 |
1 |
2 |
|a Η εκπαιδευτική πολιτική στην πρωτοβάθμια εκπαίδευση 1974-1989 /
|c Ευη Ζαμπέτα.
|
| 260 |
|
|
|a Αθήνα :
|b Θεμέλιο,
|c 1994.
|
| 300 |
|
|
|a 414 σ. :
|b εικ. ;
|c 21 εκ.
|
| 504 |
|
|
|a Βιβλιογραφία : σ. [399]-412.
|
| 650 |
0 |
0 |
|a Education and state
|z Greece.
|
| 650 |
0 |
0 |
|a Education, Elementary
|z Greece.
|
| 852 |
|
|
|a INST
|b RHODES
|e 19980429
|h 370.19 ΖΑΜ
|p 005400010716
|q 005400010716
|t BK
|y 0
|
| 852 |
|
|
|a INST
|b SAMOS
|e 20161024
|h 370.19 ΖΑΜ
|p 005300043771
|q 005300043771
|t BK
|y 0
|
| 901 |
|
|
|a BIBL-1998-1
|
| 909 |
|
|
|a Ρ
|b 053736
|
| 970 |
|
|
|z 1998/04
|